000 00431nam a2200157Ia 4500
005 20250317071315.0
008 240331s9999 xx 000 0 und d
020 _a0333281942
082 _a301
_bMAC
_23614
245 0 _aMacmillan Student Encyclopedia of
_bSociology
260 _aLondon,
_bThe Macmillan Press Ltd
_c1983
300 _axii, 434 p.,
500 _aAn encyclopedia for Sociology.
700 _aMann, M
_eedt
942 _cL
999 _c640
_d640